The two plans : (Record no. 143356)

MARC details
000 -LEADER
fixed length control field 00542nam a22001817a 4500
005 - DATE AND TIME OF LATEST TRANSACTION
control field 20170818162838.0
010 ## - LCCN (DPL NO)
LC control number ENG-119767
020 ## - INTERNATIONAL STANDARD BOOK NUMBER
Terms of availability 350.00
International Standard Book Number 9789351860730
035 ## - SYSTEM CONTROL NUMBER
System control number EN-103299
037 ## - SOURCE OF ACQUISITION
Source of stock number/acquisition DBAD/PUB
082 ## - DEWEY DECIMAL CLASSIFICATION NUMBER
Classification number 338.954
100 ## - MAIN ENTRY--PERSONAL NAME
Personal name Upadhyay, Deendayal
245 ## - TITLE STATEMENT
Title The two plans :
Statement of responsibility, etc by Deendayal Upadhyay
Remainder of title promises, performance, prospects /
260 ## - PUBLICATION, DISTRIBUTION, ETC. (IMPRINT)
Place of publication, distribution, etc New Delhi
Name of publisher, distributor, etc Prabhat Prakashan
Date of publication, distribution, etc 2015
270 ## - ADDRESS
City New Delhi
Address 4/19 Asaf Ali Road,
Postal code 110002
300 ## - PHYSICAL DESCRIPTION
Extent 280p. :
Dimensions 22cm(Hb)
942 ## - ADDED ENTRY ELEMENTS (KOHA)
Item type English Books
Classification part 338.954
Call number suffix UPA
Source of classification or shelving scheme Library of Congress Classification
Holdings
Withdrawn status Lost status Not for loan Collection code Home library Current library Date acquired Source of acquisition Cost, normal purchase price Full call number Barcode Copy number Cost, replacement price Koha item type
    Not For Loan Non-fiction D.B.Act.Division Bawana 14/08/2017 DBAD/PUB 350.00 338.954 UPA EN-103299 1 350.00 English Books

© Delhi Public Library
Hit Counter
free hit counter